000 00337nam a2200145Ia 4500
008 231217s9999 xx 000 0 und d
041 _aEnglish
082 _a658.3 MAG1;1 R
100 _aMager, Robert F
245 0 _aGoal analysis
260 _c2004
_bJaico
_aMumbai
300 _avi+159
650 _aGoal analysis
942 _cAA
999 _c172912
_d172912